LEADER 01900nam 2200541 450 001 996479372803316 005 20230717152346.0 010 $a3-030-84122-7 035 $a(MiAaPQ)EBC6977328 035 $a(Au-PeEL)EBL6977328 035 $a(CKB)22046194000041 035 $a(PPN)269155074 035 $a(EXLCZ)9922046194000041 100 $a20221129d2022 uy 0 101 0 $aeng 135 $aurcnu|||||||| 181 $ctxt$2rdacontent 182 $cc$2rdamedia 183 $acr$2rdacarrier 200 00$aApproximation and computation in science and engineering /$fNicholas J. Daras and Themistocles M. Rassias, editors 210 1$aCham, Switzerland :$cSpringer,$d[2022] 210 4$d©2022 215 $a1 online resource (934 pages) 225 1 $aSpringer optimization and its applications ;$vVolume 180 311 08$aPrint version: Daras, Nicholas J. Approximation and Computation in Science and Engineering Cham : Springer International Publishing AG,c2022 9783030841218 320 $aIncludes bibliographical references. 410 0$aSpringer optimization and its applications ;$vVolume 180. 606 $aApproximation theory 606 $aEngineering mathematics 606 $aScience$xMathematics 606 $aTeoria de l'aproximació$2thub 606 $aMatemàtica per a enginyers$2thub 608 $aLlibres electrònics$2thub 615 0$aApproximation theory. 615 0$aEngineering mathematics. 615 0$aScience$xMathematics. 615 7$aTeoria de l'aproximació 615 7$aMatemàtica per a enginyers 676 $a511.4 702 $aDaras$b Nicholas J. 702 $aRassias$b Themistocles M.$f1951- 801 0$bMiAaPQ 801 1$bMiAaPQ 801 2$bMiAaPQ 906 $aBOOK 912 $a996479372803316 996 $aApproximation and computation in science and engineering$92988105 997 $aUNISA LEADER 03141nam 22006615 450 001 9910300043503321 005 20240724114012.0 010 $a9781137606457 010 $a1137606452 024 7 $a10.1057/978-1-137-60645-7 035 $a(CKB)4100000004243425 035 $a(DE-He213)978-1-137-60645-7 035 $a(MiAaPQ)EBC5398697 035 $a(PPN)227407040 035 $a(Perlego)3493788 035 $a(EXLCZ)994100000004243425 100 $a20180518d2018 u| 0 101 0 $aeng 135 $aurnn|008mamaa 181 $ctxt$2rdacontent 182 $cc$2rdamedia 183 $acr$2rdacarrier 200 10$aIndigenous Justice $eNew Tools, Approaches, and Spaces /$fedited by Jennifer Hendry, Melissa L. Tatum, Miriam Jorgensen, Deirdre Howard-Wagner 205 $a1st ed. 2018. 210 1$aLondon :$cPalgrave Macmillan UK :$cImprint: Palgrave Macmillan,$d2018. 215 $a1 online resource (XVI, 232 p.) 225 1 $aPalgrave Socio-Legal Studies,$x2947-9282 311 08$a9781137606440 311 08$a1137606444 330 $aThis highly topical collection of essays addresses contemporary issues facing Indigenous communities from a broad range of multi- and interdisciplinary perspectives. Drawing from across the social sciences and humanities, this important volume challenges the established norms, theories, and methodologies within the field, and argues for the potential of a multidimensional approach to solving problems of Indigenous justice. Stemming from an international conference on 'Spaces of Indigenous Justice', Indigenous Justice is richly illustrated with case studies and comprises contributions from scholars working across the fields of law, socio-legal studies, sociology, public policy, politico-legal theory, and Indigenous studies. As such, the editors of this timely and engaging volume draw upon a wide range of experience to argue for a radical shift in how we engage with Indigenous studies. 410 0$aPalgrave Socio-Legal Studies,$x2947-9282 606 $aLaw and the social sciences 606 $aCritical criminology 606 $aCriminology 606 $aHuman rights 606 $aSocio-Legal Studies 606 $aCritical Criminology 606 $aCriminology Theory 606 $aHuman Rights 606 $aResearch Methods in Criminology 615 0$aLaw and the social sciences. 615 0$aCritical criminology. 615 0$aCriminology. 615 0$aHuman rights. 615 14$aSocio-Legal Studies. 615 24$aCritical Criminology. 615 24$aCriminology Theory. 615 24$aHuman Rights. 615 24$aResearch Methods in Criminology. 676 $a342.0872 702 $aHendry$b Jennifer$4edt$4http://id.loc.gov/vocabulary/relators/edt 702 $aTatum$b Melissa L$4edt$4http://id.loc.gov/vocabulary/relators/edt 702 $aJorgensen$b Miriam$4edt$4http://id.loc.gov/vocabulary/relators/edt 702 $aHoward-Wagner$b Deirdre$4edt$4http://id.loc.gov/vocabulary/relators/edt 906 $aBOOK 912 $a9910300043503321 996 $aIndigenous Justice$92065562 997 $aUNINA